Città italiane più popolose senza un aeroporto nella propria provincia - Statistics

Statistiche generali
  • Questo quiz è stato fatto 77 volte
  • Il punteggio medio è 16 su 30
Statistiche sulle risposte
Posizione Città % Corretto
2 Padova
80%
17 Udine
73%
5 Modena
72%
11 Trento
69%
21 Lecce
67%
6 Reggio Emilia
67%
13 Vicenza
67%
16 Novara
64%
7 Ravenna
64%
9 Latina
63%
1 Messina
63%
23 Alessandria
61%
8 Ferrara
61%
15 Piacenza
61%
27 Como
58%
19 Arezzo
56%
12 Siracusa
56%
14 Terni
56%
4 Prato
55%
22 La Spezia
52%
10 Monza
52%
25 Pistoia
52%
26 Lucca
45%
3 Trieste
45%
20 Pesaro
42%
24 Barletta
31%
28 Brindisi
31%
18 Andria
23%
29 Aprilia
3%
30 Corigliano-Rossano
2%
Nessun quiz corrispondente trovato
Distribuzione punteggi
Percentuale di utenti per punteggio
Percentile per numero di risposta
I tuoi punteggi nel tempo
Non hai fatto questo quiz